000 00671nam a2200121Ia 4500
008 220620s9999||||xx |||||||||||||| ||und||
100 _aGlas, René
245 0 _aBattlefields of Negotiation
_bControl, Agency, and Ownership in World of Warcraft
546 _aEnglish[eng]
650 _aeducatie||motion pictures||film||education||Blizzard Entertainment||Fictional universe||Machinima||Massively multiplayer online role-playing game||Twink (gay slang)||Twinking||Virtual world||Warcraft||World of Warcraft
856 _uhttps://library.oapen.org/bitstream/20.500.12657/34347/1/437366.pdf||https://library.oapen.org/bitstream/20.500.12657/34347/1/437366.pdf
942 _cEB
999 _c28525
_d28525